| 000 | 00334nam a2200133Ia 4500 | ||
|---|---|---|---|
| 008 | 191201s2004 xx 000 0 und d | ||
| 082 |
_a621.3821 _bSTW |
||
| 100 | _aSTALLINGS, Williams | ||
| 245 | 0 | _aWireless Communications and Networking | |
| 260 |
_aN.Delhi _bPHI _c2004 |
||
| 300 | _a584 | ||
| 650 | _aB.Tech(ECE) | ||
| 942 |
_2ddc _cBK |
||
| 999 |
_c1415 _d1415 |
||